[Event "CAN-op"]
[Site "Sackville CAN"]
[Date "2001.07.14"]
[Round "9"]
[White "Lipnowski, Irwin"]
[Black "Cummings, David"]
[Result "1/2-1/2"]
[WhiteElo "2309"]
[BlackElo "2369"]
[PlyCount "39"]
[GameId "2160767911564328"]
[EventDate "2001.07.07"]
[EventType "swiss"]
[EventRounds "10"]
[EventCountry "CAN"]
[SourceTitle "EXT 2002"]
[Source "ChessBase"]
[SourceDate "2001.11.25"]
[SourceVersion "1"]
[SourceVersionDate "2001.11.25"]
[SourceQuality "1"]

1. c4 Nf6 2. g3 c6 3. Nf3 d5 4. b3 dxc4 5. bxc4 e5 6. Nc3 Bc5 7. Bg2 Qe7 8. O-O O-O 9. Qc2 Bg4 10. d3 Na6 11. a3 Rfe8 12. Nd2 Rad8 13. Bb2 Bd4 14. Nf3 Qd7 15. Rad1 Bh3 16. Ne4 Nh5 17. e3 Bxb2 18. Qxb2 Bxg2 19. Kxg2 Qe7 20. Nc3 1/2-1/2

[Event "Summer op"]
[Site "Toronto CAN"]
[Date "2000.08.17"]
[Round "3"]
[White "Cummings, David"]
[Black "Gurevich, Artjom"]
[Result "1-0"]
[WhiteElo "2371"]
[BlackElo "2165"]
[PlyCount "49"]
[GameId "2160767911652747"]
[EventDate "2000.08.16"]
[EventType "swiss"]
[EventRounds "9"]
[EventCountry "CAN"]
[SourceTitle "EXT 2001"]
[Source "ChessBase"]
[SourceDate "2000.11.22"]
[SourceVersion "1"]
[SourceVersionDate "2000.11.22"]
[SourceQuality "1"]

1. c4 e5 2. g3 Nf6 3. Bg2 c6 4. Nf3 e4 5. Nd4 d5 6. cxd5 Qb6 7. Nb3 a5 8. d3 a4 9. N3d2 Bc5 10. O-O Bxf2+ 11. Rxf2 e3 12. Rxf6 exd2+ 13. Rf2 dxc1=R 14. Qxc1 O-O 15. Nc3 Nd7 16. dxc6 bxc6 17. Qd2 Ne5 18. h3 Be6 19. Rb1 f6 20. Qf4 Rfb8 21. d4 Nc4 22. d5 cxd5 23. Nxd5 Qc5 24. Nc7 Bf5 25. Nxa8 1-0

[Event "Summer op"]
[Site "Toronto CAN"]
[Date "2000.08.18"]
[Round "4"]
[White "Filipovich, David"]
[Black "Cummings, David"]
[Result "0-1"]
[WhiteElo "2230"]
[BlackElo "2371"]
[PlyCount "54"]
[GameId "2160767911652760"]
[EventDate "2000.08.16"]
[EventType "swiss"]
[EventRounds "9"]
[EventCountry "CAN"]
[SourceTitle "EXT 2001"]
[Source "ChessBase"]
[SourceDate "2000.11.22"]
[SourceVersion "1"]
[SourceVersionDate "2000.11.22"]
[SourceQuality "1"]

1. Nf3 c5 2. g3 b6 3. Bg2 Bb7 4. O-O g6 5. c4 Bg7 6. Nc3 Nf6 7. d4 cxd4 8. Qxd4 d6 9. b3 Nbd7 10. Bb2 O-O 11. Nd5 a6 12. Nxf6+ Nxf6 13. Ne1 Qc7 14. Bxb7 Qxb7 15. Ng2 b5 16. Rac1 Rfc8 17. Ne3 bxc4 18. Rxc4 Rxc4 19. Nxc4 Rc8 20. Rc1 Rc5 21. Qd2 Ne4 22. Qe3 Bxb2 23. Nxb2 Re5 24. h4 Ng5 25. Qd4 Re4 26. Qd3 Nh3+ 27. Kg2 Rc4+ 0-1

[Event "Summer op"]
[Site "Toronto CAN"]
[Date "2000.08.19"]
[Round "7"]
[White "Bhat, Vinay"]
[Black "Cummings, David"]
[Result "1-0"]
[WhiteElo "2396"]
[BlackElo "2371"]
[PlyCount "71"]
[GameId "2160767911652788"]
[EventDate "2000.08.16"]
[EventType "swiss"]
[EventRounds "9"]
[EventCountry "CAN"]
[SourceTitle "EXT 2001"]
[Source "ChessBase"]
[SourceDate "2000.11.22"]
[SourceVersion "1"]
[SourceVersionDate "2000.11.22"]
[SourceQuality "1"]

1. e4 c5 2. Nf3 e6 3. d3 Nc6 4. g3 d5 5. Qe2 Nf6 6. Bg2 Be7 7. O-O O-O 8. e5 Nd7 9. c4 d4 10. h4 Rb8 11. Bf4 b5 12. b3 bxc4 13. dxc4 Nb4 14. Ng5 Rb6 15. a3 Nc6 16. Nxh7 Kxh7 17. Bxc6 Kg8 18. Be4 Rxb3 19. Nd2 Rb2 20. Rfb1 Rxb1+ 21. Rxb1 Qa5 22. Bd3 Qxa3 23. Qe4 f5 24. exf6 Nxf6 25. Qg6 Bd7 26. Ne4 Qa6 27. Nxf6+ Bxf6 28. Qh7+ Kf7 29. Qh5+ Ke7 30. Qxc5+ Kf7 31. Bd6 Rh8 32. Rb8 Qa1+ 33. Kg2 Qd1 34. Rxh8 Qxd3 35. Qh5+ g6 36. Rf8+ 1-0

[Event "Summer op"]
[Site "Toronto CAN"]
[Date "2000.08.20"]
[Round "9"]
[White "Cummings, David"]
[Black "Mikanovic, Goran"]
[Result "1-0"]
[WhiteElo "2479"]
[BlackElo "2409"]
[PlyCount "83"]
[GameId "2160767911652796"]
[EventDate "2000.08.16"]
[EventType "swiss"]
[EventRounds "9"]
[EventCountry "CAN"]
[SourceTitle "EXT 2022"]
[Source "ChessBase"]
[SourceDate "2021.10.06"]
[SourceVersion "1"]
[SourceVersionDate "2021.10.06"]
[SourceQuality "1"]

1. Nf3 c5 2. c4 Nf6 3. Nc3 e6 4. g3 b6 5. Bg2 Bb7 6. O-O Be7 7. Re1 d6 8. e4 a6 9. d4 cxd4 10. Nxd4 Qc7 11. Be3 Nbd7 12. Rc1 O-O 13. f4 Rac8 14. g4 Nc5 15. Bf2 g6 16. b4 Ncd7 17. Bf3 e5 18. Nde2 Qxc4 19. Nd5 Bxd5 20. Rxc4 Bxc4 21. g5 Ne8 22. Bg4 Rc7 23. h4 b5 24. f5 f6 25. fxg6 hxg6 26. Nc3 fxg5 27. Nd5 Bxd5 28. Qxd5+ Kg7 29. Bxd7 Rxd7 30. Qe6 Rc7 31. Bb6 Rf6 32. Qh3 g4 33. Qxg4 Rc3 34. h5 g5 35. Rf1 Rxf1+ 36. Kxf1 Nf6 37. Qxg5+ Kf8 38. h6 Rh3 39. Be3 Rh1+ 40. Kg2 Rh5 41. Qg7+ Ke8 42. Bg5 1-0

[Event "Toronto op"]
[Site "Toronto CAN"]
[Date "2000.04.23"]
[Round "5"]
[White "Cummings, David"]
[Black "Schleifer, Michael"]
[Result "1/2-1/2"]
[WhiteElo "2464"]
[BlackElo "2413"]
[PlyCount "64"]
[GameId "2160767911724586"]
[EventDate "2000.04.21"]
[EventType "swiss"]
[EventRounds "6"]
[EventCountry "CAN"]

1. Nf3 c5 2. c4 Nc6 3. Nc3 Nd4 4. e3 Nxf3+ 5. Qxf3 g6 6. b3 Bg7 7. Bb2 d6 8. h3 Rb8 9. Bd3 e5 10. g4 Ne7 11. h4 h5 12. gxh5 Rxh5 13. O-O-O Nf5 14. Bxf5 Bxf5 15. Ne4 Qd7 16. Qg2 Qc6 17. d3 Bxe4 18. dxe4 b5 19. cxb5 Rxb5 20. f4 c4 21. f5 cxb3+ 22. Kb1 Qc2+ 23. Qxc2 bxc2+ 24. Kxc2 gxf5 25. Rxd6 fxe4 26. Rhd1 Rb8 27. R6d5 Rxh4 28. Bxe5 Bxe5 29. Rxe5+ Kf8 30. Rd7 Rh2+ 31. Kc3 Rxa2 32. Rf5 Ra3+ 1/2-1/2

[Event "Toronto int."]
[Site "Toronto CAN"]
[Date "1998.05.15"]
[Round "2"]
[White "Cummings, David"]
[Black "Yee, Lorne"]
[Result "1/2-1/2"]
[WhiteElo "2365"]
[BlackElo "2189"]
[PlyCount "145"]
[GameId "2160767911873226"]
[EventDate "1998.05.14"]
[EventType "swiss"]
[EventRounds "9"]
[EventCountry "CAN"]
[SourceTitle "CBM 65 ext"]
[Source "ChessBase"]
[SourceDate "1998.09.09"]
[SourceVersion "1"]
[SourceVersionDate "1998.09.09"]
[SourceQuality "1"]

1. Nf3 d5 2. g3 Bf5 3. Bg2 e6 4. c4 c6 5. Qb3 Qb6 6. Qxb6 axb6 7. cxd5 exd5 8. Nc3 Nf6 9. d3 Be7 10. O-O Nbd7 11. Nd4 Bg6 12. h3 O-O 13. Kh2 Rfe8 14. Nb3 Nc5 15. Nxc5 Bxc5 16. Bg5 Bd4 17. Bf3 b5 18. a3 Nd7 19. Bd2 Nc5 20. Rad1 Nb3 21. Be1 Bb6 22. Bg2 Rad8 23. f4 f5 24. Bf3 Nd4 25. Rd2 Nxf3+ 26. exf3 Be3 27. Rc2 Bf7 28. Bf2 d4 29. Nb1 Bd5 30. Be1 Bb3 31. Rc5 g6 32. Ba5 Ra8 33. Bc7 Re7 34. Be5 Re6 35. Bc7 Re7 36. Be5 Rd7 37. Kg2 Kf7 38. g4 Rc8 39. Rfc1 Bxc1 40. Rxc1 b6 41. gxf5 gxf5 42. Nd2 Be6 43. Kf2 c5 44. Nf1 Rg8 45. Ng3 Rg6 46. Ne2 Rh6 47. b4 Rd5 48. Rg1 Rg6 49. Rc1 Rg8 50. Ng3 Ra8 51. Nh5 Rxa3 52. Nf6 Rxe5 53. fxe5 c4 54. Nxh7 Ra2+ 55. Kg3 c3 56. Kf4 Kg6 57. Ng5 Bd5 58. Re1 Ra7 59. e6 Kf6 60. Re5 c2 61. Re1 Rc7 62. Rc1 Bxe6 63. Nxe6 Kxe6 64. h4 Kf6 65. h5 Rc3 66. h6 Kg6 67. h7 Kxh7 68. Kxf5 Rxd3 69. Rxc2 Rxf3+ 70. Ke4 Rb3 71. Rc6 Rxb4 72. Rxb6 Kg7 73. Rd6 1/2-1/2

[Event "Toronto int."]
[Site "Toronto CAN"]
[Date "1998.05.17"]
[Round "6"]
[White "Cummings, David"]
[Black "Vucic, Mladen"]
[Result "0-1"]
[WhiteElo "2365"]
[BlackElo "2365"]
[PlyCount "92"]
[GameId "2160767911873329"]
[EventDate "1998.05.14"]
[EventType "swiss"]
[EventRounds "9"]
[EventCountry "CAN"]
[SourceTitle "CBM 065 Extra"]
[Source "ChessBase"]
[SourceDate "1998.09.09"]
[SourceVersion "1"]
[SourceVersionDate "1998.09.09"]
[SourceQuality "1"]

1. Nf3 Nf6 2. c4 g6 3. Nc3 d5 4. d4 Bg7 5. Bf4 O-O 6. Rc1 c6 7. e3 Bg4 8. Qb3 b6 9. Ne5 Be6 10. Be2 a6 11. Qa3 dxc4 12. Bxc4 Bxc4 13. Nxc4 Nbd7 14. O-O a5 15. Ne5 Nxe5 16. Bxe5 a4 17. Rfd1 Re8 18. Qb4 Nd5 19. Nxd5 Qxd5 20. Bxg7 Kxg7 21. Qc4 Rec8 22. Rd2 b5 23. Qc3 Qxa2 24. d5+ f6 25. dxc6 Ra6 26. c7 Ra7 27. Rd7 Qe6 28. Qd4 Ra6 29. Rd8 Rc6 30. Rxc6 Qxc6 31. h4 Qxc7 32. Rd7 Qc1+ 33. Kh2 Rc7 34. Rd5 Rc4 35. Qa7 Rxh4+ 36. Kg3 Re4 37. Rd7 Kf7 38. Qb7 Qc4 39. Kf3 Re5 40. g3 h5 41. Rd4 Qf1 42. Qc8 Rf5+ 43. Rf4 Rxf4+ 44. exf4 Qh1+ 45. Ke3 Qd5 46. Qh8 Qb3+ 0-1

[Event "Toronto int."]
[Site "Toronto CAN"]
[Date "1998.05.17"]
[Round "7"]
[White "Beckwith, Paul"]
[Black "Cummings, David"]
[Result "0-1"]
[WhiteElo "2230"]
[BlackElo "2365"]
[PlyCount "52"]
[GameId "2160767911873352"]
[EventDate "1998.05.14"]
[EventType "swiss"]
[EventRounds "9"]
[EventCountry "CAN"]
[SourceTitle "CBM 065 Extra"]
[Source "ChessBase"]
[SourceDate "1998.09.09"]
[SourceVersion "1"]
[SourceVersionDate "1998.09.09"]
[SourceQuality "1"]

1. e4 c5 2. Ne2 Nc6 3. c4 Nf6 4. Nbc3 e6 5. d4 cxd4 6. Nxd4 Bb4 7. f3 O-O 8. a3 Bxc3+ 9. bxc3 d5 10. Nxc6 bxc6 11. Bg5 Qa5 12. cxd5 cxd5 13. Qd4 e5 14. Qxe5 Re8 15. Qd4 Nxe4 16. Be3 Nxc3 17. Kf2 Rb8 18. Qxa7 Rb2+ 19. Kg3 Qd8 20. Bd3 Ne2+ 21. Bxe2 Rxe2 22. Bf4 Qf6 23. Rhg1 Qg6+ 24. Kh4 Rxg2 25. Qd4 Re4 26. Rae1 Qg5# 0-1